[Event "XVIII. DBMM Schach"]
[Site "Altenberg OT Zinnwald"]
[Date "2018.11.11"]
[Round "7.4"]
[White "Hoffeins, Hans Werner"]
[Black "Bojarzin, Christoph"]
[Result "1/2-1/2"]
[WhiteElo "1542"]
[BlackElo "1520"]
[Annotator "br"]
[PlyCount "46"]
[EventDate "2018.11.??"]
[EventType "team-swiss"]
[EventRounds "7"]
[EventCountry "GER"]
[SourceTitle "XVIII. DBMM 2018"]
[Source "FV Schach e.V."]
[SourceDate "2018.11.12"]
[SourceVersion "1"]
[SourceVersionDate "2018.11.12"]
[SourceQuality "1"]
[WhiteTeam "Baubehoerde Hamburg II"]
[BlackTeam "Europark Altenberg/SV St.2"]
[WhiteTeamCountry "GER"]
[BlackTeamCountry "GER"]

1. Nf3 Nf6 2. g3 g6 3. Bg2 Bg7 4. d3 d5 5. Nbd2 O-O 6. O-O Re8 7. Re1 e5 8. e4
d4 9. Nc4 Nfd7 10. a4 Qe7 11. Bd2 c5 12. Rb1 Nc6 13. h4 a5 14. Na3 b6 15. Nb5
Nf8 16. c3 Na7 17. c4 Nxb5 18. cxb5 f6 19. Nh2 Be6 20. Rc1 Rec8 21. f4 Ra7 22.
fxe5 fxe5 23. b3 Qd8 1/2-1/2

[Event "XVIII. DBMM Schach"]
[Site "Altenberg OT Zinnwald"]
[Date "2018.11.11"]
[Round "7.1"]
[White "Bruening, Martin"]
[Black "Tangermann, Erhard"]
[Result "1/2-1/2"]
[WhiteElo "1772"]
[BlackElo "1741"]
[Annotator "br"]
[PlyCount "28"]
[EventDate "2018.11.??"]
[EventType "team-swiss"]
[EventRounds "7"]
[EventCountry "GER"]
[SourceTitle "XVIII. DBMM 2018"]
[Source "FV Schach e.V."]
[SourceDate "2018.11.12"]
[SourceVersion "1"]
[SourceVersionDate "2018.11.12"]
[SourceQuality "1"]
[WhiteTeam "SG Airbus Bremen"]
[BlackTeam "Stern Ludwigsfelde"]
[WhiteTeamCountry "GER"]
[BlackTeamCountry "GER"]

1. d4 f5 2. c4 g6 3. Nc3 Nf6 4. e3 Bg7 5. Nf3 d6 6. Be2 O-O 7. O-O Qe8 8. b3 e5
9. dxe5 dxe5 10. Bb2 Na6 11. a3 c6 12. Qc2 h6 13. Rad1 e4 14. Nd4 Nc7 1/2-1/2

[Event "XVIII. DBMM Schach"]
[Site "Altenberg OT Zinnwald"]
[Date "2018.11.11"]
[Round "7.2"]
[White "Grandt, Bernd"]
[Black "Jacobsen, Ruediger"]
[Result "1/2-1/2"]
[WhiteElo "1978"]
[BlackElo "1466"]
[Annotator "br"]
[PlyCount "78"]
[EventDate "2018.11.??"]
[EventType "team-swiss"]
[EventRounds "7"]
[EventCountry "GER"]
[SourceTitle "XVIII. DBMM 2018"]
[Source "FV Schach e.V."]
[SourceDate "2018.11.12"]
[SourceVersion "1"]
[SourceVersionDate "2018.11.12"]
[SourceQuality "1"]
[WhiteTeam "Stern Ludwigsfelde"]
[BlackTeam "SG Airbus Bremen"]
[WhiteTeamCountry "GER"]
[BlackTeamCountry "GER"]

1. d4 Nf6 2. c4 g6 3. Nc3 Bg7 4. Nf3 O-O 5. e4 d6 6. Be2 c6 7. O-O Qc7 8. h3
Re8 9. Be3 Nbd7 10. Rc1 Nf8 11. Qd2 e5 12. d5 Nh5 13. Nh2 Nf4 14. Bxf4 exf4 15.
Qxf4 Be5 16. Qd2 f5 17. exf5 Bxf5 18. Bg4 Qf7 19. Rce1 Nd7 20. f4 Bxc3 21. bxc3
c5 22. Rf2 Rxe1+ 23. Qxe1 Re8 24. Re2 Rxe2 25. Qxe2 Nb6 26. g3 Kf8 27. Nf3 Qe7
28. Ng5 Qxe2 29. Bxe2 h6 30. g4 Bb1 31. Ne6+ Ke7 32. a3 Ba2 33. g5 hxg5 34.
fxg5 Nxc4 35. Bxc4 Bxc4 36. Nf4 Kf7 37. Kf2 a5 38. Ke3 b5 39. Kd2 b4 1/2-1/2

[Event "XVIII. DBMM Schach"]
[Site "Altenberg OT Zinnwald"]
[Date "2018.11.11"]
[Round "7.4"]
[White "Bond, Oliver"]
[Black "Mikoteit, Siegfried"]
[Result "1/2-1/2"]
[WhiteElo "1700"]
[BlackElo "1276"]
[Annotator "br"]
[PlyCount "51"]
[EventDate "2018.11.??"]
[EventType "team-swiss"]
[EventRounds "7"]
[EventCountry "GER"]
[SourceTitle "XVIII. DBMM 2018"]
[Source "FV Schach e.V."]
[SourceDate "2018.11.12"]
[SourceVersion "1"]
[SourceVersionDate "2018.11.12"]
[SourceQuality "1"]
[WhiteTeam "Stern Ludwigsfelde"]
[BlackTeam "SG Airbus Bremen"]
[WhiteTeamCountry "GER"]
[BlackTeamCountry "GER"]

1. d4 d5 2. Bf4 Nf6 3. Nf3 e6 4. e3 Bd6 5. Bg5 Nbd7 6. Nc3 c6 7. Bd3 Qc7 8. e4
dxe4 9. Nxe4 Nxe4 10. Bxe4 h6 11. Bd2 Nf6 12. Bd3 Nd5 13. c3 Nf4 14. Bf1 b5 15.
g3 Nd5 16. a4 bxa4 17. Rxa4 Nb6 18. Ra2 O-O 19. b4 e5 20. Be3 Be6 21. Ra1 Bc4
22. Bxc4 Nxc4 23. Qd3 Nxe3 24. dxe5 Bxe5 25. Nxe5 Qxe5 26. Qxe3 1/2-1/2

[Event "XVIII. DBMM Schach"]
[Site "Altenberg OT Zinnwald"]
[Date "2018.11.11"]
[Round "7.1"]
[White "Kraemer, Sigfried"]
[Black "Wolf, Wilfried"]
[Result "1-0"]
[WhiteElo "2146"]
[BlackElo "1515"]
[Annotator "br"]
[PlyCount "83"]
[EventDate "2018.11.??"]
[EventType "team-swiss"]
[EventRounds "7"]
[EventCountry "GER"]
[SourceTitle "XVIII. DBMM 2018"]
[Source "FV Schach e.V."]
[SourceDate "2018.11.12"]
[SourceVersion "1"]
[SourceVersionDate "2018.11.12"]
[SourceQuality "1"]
[WhiteTeam "SG Stern Stuttgart"]
[BlackTeam "BA Tempelhof Berlin IV"]
[WhiteTeamCountry "GER"]
[BlackTeamCountry "GER"]

1. d4 d5 2. c4 e6 3. cxd5 exd5 4. Nc3 Nf6 5. Bg5 Be6 6. e3 Be7 7. Bd3 O-O 8.
Qc2 g6 9. Nge2 Nbd7 10. Nf4 Nb6 11. Bh6 Re8 12. Nxe6 fxe6 13. Bxg6 Ne4 14. Bxe8
Qxe8 15. Nxe4 Qg6 16. Bf4 dxe4 17. O-O c6 18. f3 exf3 19. Qxg6+ hxg6 20. Rxf3
Rf8 21. Raf1 Nc4 22. R1f2 Nb6 23. Bh6 Rf5 24. e4 Rxf3 25. Rxf3 Nc4 26. Bc1 Nd6
27. Re3 Bg5 28. Re1 Be7 29. Kf2 Kg7 30. Kf3 Nb5 31. Be3 Bf6 32. Rd1 a6 33. Ke2
Be7 34. Rf1 Nd6 35. Kd3 Nf7 36. Rc1 Nd8 37. Bf4 Nf7 38. Rc3 Bf6 39. Rb3 e5 40.
dxe5 Bxe5 41. Bxe5+ Nxe5+ 42. Kd4 1-0

[Event "XVIII. DBMM Schach"]
[Site "Altenberg OT Zinnwald"]
[Date "2018.11.11"]
[Round "7.2"]
[White "Schneider, Eckehard"]
[Black "Bangert, Udo"]
[Result "0-1"]
[WhiteElo "1733"]
[BlackElo "1893"]
[Annotator "br"]
[PlyCount "92"]
[EventDate "2018.11.??"]
[EventType "team-swiss"]
[EventRounds "7"]
[EventCountry "GER"]
[SourceTitle "XVIII. DBMM 2018"]
[Source "FV Schach e.V."]
[SourceDate "2018.11.12"]
[SourceVersion "1"]
[SourceVersionDate "2018.11.12"]
[SourceQuality "1"]
[WhiteTeam "BA Tempelhof Berlin IV"]
[BlackTeam "SG Stern Stuttgart"]
[WhiteTeamCountry "GER"]
[BlackTeamCountry "GER"]

1. e4 c5 2. c3 Nf6 3. e5 Nd5 4. Nf3 d6 5. Bc4 e6 6. O-O Nb6 7. Bb3 Nc6 8. d4
dxe5 9. dxe5 Qxd1 10. Rxd1 Be7 11. Na3 a6 12. Be3 O-O 13. Rd2 Na5 14. Bc2 Nbc4
15. Nxc4 Nxc4 16. Re2 Nxe3 17. Rxe3 Rd8 18. Rd1 Rxd1+ 19. Bxd1 Bd7 20. c4 Bc6
21. Kf1 h6 22. Bc2 Rd8 23. Ke2 b5 24. Rd3 bxc4 25. Rxd8+ Bxd8 26. g3 Bc7 27.
Nd2 Bxe5 28. Nxc4 Bd4 29. f3 Bb5 30. b3 Kf8 31. Be4 Ke7 32. a4 Bxc4+ 33. bxc4
f5 34. Bb7 a5 35. h3 Kf6 36. f4 e5 37. fxe5+ Kxe5 38. Kf3 Bg1 39. Bd5 g5 40.
Bf7 Kd4 41. Be6 Kc3 42. Bxf5 Kxc4 43. g4 Kb3 44. Bd7 c4 45. Ke2 c3 46. Be6+ Kb2
0-1

[Event "XVIII. DBMM Schach"]
[Site "Altenberg OT Zinnwald"]
[Date "2018.11.11"]
[Round "7.3"]
[White "Wepfer, Bernd"]
[Black "Mueller, Stefan"]
[Result "1-0"]
[WhiteElo "1831"]
[BlackElo "1786"]
[Annotator "br"]
[PlyCount "33"]
[EventDate "2018.11.??"]
[EventType "team-swiss"]
[EventRounds "7"]
[EventCountry "GER"]
[SourceTitle "XVIII. DBMM 2018"]
[Source "FV Schach e.V."]
[SourceDate "2018.11.12"]
[SourceVersion "1"]
[SourceVersionDate "2018.11.12"]
[SourceQuality "1"]
[WhiteTeam "SG Stern Stuttgart"]
[BlackTeam "BA Tempelhof Berlin IV"]
[WhiteTeamCountry "GER"]
[BlackTeamCountry "GER"]

1. c4 c5 2. g3 g6 3. Bg2 Bg7 4. Nc3 Nc6 5. Nf3 Nf6 6. O-O O-O 7. d4 cxd4 8.
Nxd4 Nxd4 9. Qxd4 d6 10. Rd1 a6 11. Qd3 Rb8 12. c5 Qa5 13. cxd6 exd6 14. Qxd6
Be6 15. Bf4 Nh5 16. Qc7 Qb4 17. Bd6 1-0

[Event "XVIII. DBMM Schach"]
[Site "Altenberg OT Zinnwald"]
[Date "2018.11.11"]
[Round "7.4"]
[White "Dankovic, Oliver"]
[Black "Salomon, Hendrik"]
[Result "0-1"]
[WhiteElo "1338"]
[BlackElo "1300"]
[Annotator "br"]
[PlyCount "42"]
[EventDate "2018.11.??"]
[EventType "team-swiss"]
[EventRounds "7"]
[EventCountry "GER"]
[SourceTitle "XVIII. DBMM 2018"]
[Source "FV Schach e.V."]
[SourceDate "2018.11.12"]
[SourceVersion "1"]
[SourceVersionDate "2018.11.12"]
[SourceQuality "1"]
[WhiteTeam "BA Tempelhof Berlin IV"]
[BlackTeam "SG Stern Stuttgart"]
[WhiteTeamCountry "GER"]
[BlackTeamCountry "GER"]

1. e4 c5 2. Nf3 Nc6 3. Bb5 Nd4 4. Nxd4 cxd4 5. c3 g6 6. b3 Qa5 7. Be2 Bg7 8.
Bb2 dxc3 9. Bxc3 Bxc3 10. Nxc3 Nf6 11. Qc2 d6 12. O-O O-O 13. Rfe1 Bd7 14. d4
Rfc8 15. Rec1 e5 16. dxe5 dxe5 17. f3 Rc7 18. Qb2 Rac8 19. Nd1 Qe1+ 20. Bf1 Bb5
21. Ne3 Rxc1 0-1